| 000 | 00773nam a2200229 i 4500 | ||
|---|---|---|---|
| 001 | 17157 | ||
| 003 | ES-MaACL | ||
| 005 | 20231222152740.0 | ||
| 007 | t| | ||
| 008 | 010108s2000 sp ||||1| spa d | ||
| 020 | _a84-8324-089-0 | ||
| 080 | _a75 Rosales, Eduardo (064.3) | ||
| 245 | 0 | 0 |
_aEduardo Rosales en las colecciones privadas _b: Zaragoza, Centro de Exposiciones y Congresos del 3 de octubre al 31 de diciembre de 2000. |
| 260 |
_aZaragoza : _bIberCaja, _c[2000] |
||
| 300 |
_a262 p. : _bil. ; _c28 cm. |
||
| 600 | 1 | 4 |
_aRosales, Eduardo, _d1836-1873- _vExposiciones _999639 |
| 655 | 7 |
_2tgfbne _9193628 _aCatálogos de exposiciones |
|
| 710 | 2 |
_aIbercaja. _94633 |
|
| 852 |
_aES-MaACL _jL-23915 _bR.128190 |
||
| 942 | _2udc | ||
| 999 |
_c17157 _d17157 |
||